[Event "Macedonian op"]
[Site "Struga"]
[Date "2002.07.24"]
[Round "5"]
[White "Sarlamanov, Pance"]
[Black "Sapkaroski, Goce"]
[Result "1/2-1/2"]
[WhiteElo "2259"]
[BlackElo "2181"]
[PlyCount "118"]
[EventDate "2002.07.20"]
[EventType "swiss"]
[EventRounds "9"]
[EventCountry "MKD"]
[SourceTitle "CBM 089 Extra"]
[Source "ChessBase"]
[SourceDate "2002.09.10"]
[SourceVersion "2"]
[SourceVersionDate "2002.09.10"]
[SourceQuality "1"]

1. d4 d5 2. Nf3 c6 3. Bf4 Bf5 4. e3 Nf6 5. Be2 e6 6. 0-0 Nbd7 7. Nbd2 Be7 8. Nh4 Bg6 9. Nxg6 hxg6 10. h3 0-0 11. c3 Qb6 12. Qc2 c5 13. Nf3 Rac8 14. Bd3 c4 15. Be2 Ne4 16. Nd2 Nxd2 17. Qxd2 Bd6 18. Bf3 Bxf4 19. exf4 Qc7 20. Rfe1 b5 21. a3 Rb8 22. g4 Qd6 23. Qe3 Rfe8 24. Kg2 f5 25. g5 Kf7 26. h4 Rh8 27. Rh1 a5 28. Rh3 a4 29. Rah1 Rh5 30. Kg3 Rbh8 31. Re1 Nf8 32. Rhh1 R5h7 33. Re2 Nd7 34. Qc1 Nf8 35. Rh3 Qc7 36. Qh1 Qd6 37. Re3 Nd7 38. Qd1 Nf8 39. Qh1 Nd7 40. Qh2 Nf8 41. Kg2 Rh5 42. Qg3 Qc7 43. Rh1 Qd6 44. Kf1 Qc7 45. Ke2 R5h7 46. Kd1 Qd6 47. Ree1 Qc7 48. h5 Kg8 49. Re5 Qd6 50. Rhe1 Kf7 51. hxg6+ Kxg6 52. Bg2 Rh4 53. Qe3 Rh2 54. Bf3 R2h3 55. Qe2 Kf7 56. Bg2 Rh2 57. Qf3 R2h4 58. Qe3 Rh2 59. Qg3 R2h4 1/2-1/2

[Event "FRM-ch 11th"]
[Site "Gevgelija"]
[Date "2002.04.11"]
[Round "10"]
[White "Ilic, Zoran"]
[Black "Sarlamanov, Pance"]
[Result "1/2-1/2"]
[WhiteElo "2364"]
[BlackElo "2262"]
[PlyCount "22"]
[EventDate "2002.04.01"]
[EventType "tourn"]
[EventRounds "13"]
[EventCountry "MKD"]
[EventCategory "6"]
[SourceTitle "CBM 087 Extra"]
[Source "ChessBase"]
[SourceDate "2002.05.03"]
[SourceVersion "2"]
[SourceVersionDate "2002.08.09"]
[SourceQuality "1"]

1. d4 Nf6 2. Nf3 g6 3. Bf4 Bg7 4. h3 0-0 5. e3 c5 6. c3 b6 7. Bd3 Bb7 8. Nbd2 d6 9. 0-0 Nbd7 10. Bh2 Qc8 11. Qe2 Ne8 1/2-1/2

[Event "FRM-ch 11th"]
[Site "Gevgelija"]
[Date "2002.04.09"]
[Round "8"]
[White "Sarlamanov, Pance"]
[Black "Danchevski, Orce"]
[Result "1/2-1/2"]
[WhiteElo "2262"]
[BlackElo "2429"]
[PlyCount "34"]
[EventDate "2002.04.01"]
[EventType "tourn"]
[EventRounds "13"]
[EventCountry "MKD"]
[EventCategory "6"]
[SourceTitle "CBM 087 Extra"]
[Source "ChessBase"]
[SourceDate "2002.05.03"]
[SourceVersion "2"]
[SourceVersionDate "2002.08.09"]
[SourceQuality "1"]

1. d4 Nf6 2. Nf3 g6 3. Bf4 Bg7 4. h3 c5 5. c3 b6 6. e3 Bb7 7. Nbd2 0-0 8. Be2 d6 9. 0-0 Nbd7 10. a4 cxd4 11. exd4 Nd5 12. Bh2 Bh6 13. Bc4 Nf4 14. Re1 e6 15. Bf1 a6 16. Qb3 Qc7 17. Ne4 Bd5 1/2-1/2

[Event "FRM-ch 11th"]
[Site "Gevgelija"]
[Date "2002.04.02"]
[Round "2"]
[White "Sarlamanov, Pance"]
[Black "Stojanovski, Dejan"]
[Result "1/2-1/2"]
[WhiteElo "2262"]
[BlackElo "2416"]
[PlyCount "26"]
[EventDate "2002.04.01"]
[EventType "tourn"]
[EventRounds "13"]
[EventCountry "MKD"]
[EventCategory "6"]
[SourceTitle "CBM 087 Extra"]
[Source "ChessBase"]
[SourceDate "2002.05.03"]
[SourceVersion "2"]
[SourceVersionDate "2002.08.09"]
[SourceQuality "1"]

1. c4 Nf6 2. g3 c5 3. Bg2 d5 4. cxd5 Nxd5 5. Nc3 Nc7 6. Qa4+ Bd7 7. Qb3 Nc6 8. Qxb7 Nd4 9. Qe4 g6 10. Qb1 Rb8 11. d3 Bg7 12. Bd2 0-0 13. e3 Ndb5 1/2-1/2

[Event "Skopje op"]
[Site "Skopje"]
[Date "1993.??.??"]
[Round "8"]
[White "Sarlamanov, Pance"]
[Black "Rustemov, Alexander"]
[Result "1/2-1/2"]
[WhiteElo "2275"]
[BlackElo "2430"]
[PlyCount "71"]
[EventDate "1993.??.??"]
[EventType "swiss"]
[EventRounds "9"]
[EventCountry "MKD"]
[SourceTitle "EXT 2005"]
[Source "ChessBase"]
[SourceDate "2004.11.15"]
[SourceVersion "1"]
[SourceVersionDate "2004.11.15"]
[SourceQuality "1"]

1. Nf3 f5 2. g3 Nf6 3. Bg2 g6 4. 0-0 Bg7 5. c4 0-0 6. Nc3 d6 7. d4 Nc6 8. b3 Ne4 9. Bb2 Nxc3 10. Bxc3 e5 11. dxe5 dxe5 12. Qd5+ Kh8 13. Rad1 Qe7 14. Qd2 a5 15. Qb2 a4 16. Rd5 a3 17. Qa1 e4 18. Ne5 Nxe5 19. Bxe5 Re8 20. Bxg7+ Qxg7 21. e3 Be6 22. Qxg7+ Kxg7 23. Rd2 Rad8 24. Rfd1 Rxd2 25. Rxd2 g5 26. Kf1 Kf6 27. Ke1 Ke5 28. f3 exf3 29. Bxf3 c6 30. Kf2 Rc8 31. Be2 Rb8 32. Bf3 g4 33. Bg2 Rc8 34. Bf1 h5 35. Be2 Rh8 36. Bf1 1/2-1/2

[Event "YUG-ch"]
[Site "Kladovo"]
[Date "1991.??.??"]
[Round "7"]
[White "Kocovski, Ivan"]
[Black "Sarlamanov, Pance"]
[Result "1/2-1/2"]
[WhiteElo "2325"]
[BlackElo "2270"]
[PlyCount "37"]
[EventDate "1991.02.??"]
[EventType "swiss"]
[EventRounds "13"]
[EventCountry "YUG"]
[SourceTitle "TD"]
[Source "ChessBase"]
[SourceDate "1994.03.01"]
[SourceVersion "1"]
[SourceVersionDate "1994.03.01"]
[SourceQuality "1"]

1. Nf3 c5 2. e4 d6 3. d4 cxd4 4. Nxd4 Nf6 5. Nc3 g6 6. h3 Bg7 7. Bc4 0-0 8. 0-0 Nc6 9. Be3 Bd7 10. Bb3 Rc8 11. Re1 Ne5 12. Qe2 Qa5 13. f4 Nc6 14. Nf3 Nh5 15. Qf2 b5 16. g4 b4 17. Ne2 Nf6 18. Ng3 Ne8 19. Rab1 1/2-1/2

[Event "YUG-ch"]
[Site "Kladovo"]
[Date "1991.??.??"]
[Round "1"]
[White "Kosanski, Stanko"]
[Black "Sarlamanov, Pance"]
[Result "1/2-1/2"]
[WhiteElo "2385"]
[BlackElo "2270"]
[PlyCount "118"]
[EventDate "1991.02.??"]
[EventType "swiss"]
[EventRounds "13"]
[EventCountry "YUG"]
[SourceTitle "TD"]
[Source "ChessBase"]
[SourceDate "1994.03.01"]
[SourceVersion "1"]
[SourceVersionDate "1994.03.01"]
[SourceQuality "1"]

1. e4 c5 2. Nf3 d6 3. c3 e6 4. d4 cxd4 5. cxd4 Nf6 6. Nc3 Be7 7. Bb5+ Nfd7 8. 0-0 a6 9. Bd3 b6 10. Be3 Bb7 11. Rc1 Nf6 12. Bb1 Nbd7 13. Ng5 h6 14. Nh3 b5 15. f3 Rc8 16. Qd2 e5 17. d5 0-0 18. Ne2 Re8 19. Ng3 Bf8 20. Nf5 Rxc1 21. Rxc1 Nb6 22. b3 Nbd7 23. Nf2 Qb8 24. Bd3 Rc8 25. Bf1 Rxc1 26. Qxc1 Nc5 27. g4 Bc8 28. Ng3 Bd7 29. Nd3 Nxd3 30. Bxd3 Be7 31. Qa3 Qc8 32. Be2 Nh7 33. Kg2 Nf8 34. Qc1 Ng6 35. Qxc8+ Bxc8 36. Nf5 Bxf5 37. gxf5 Nf4+ 38. Kf1 Kf8 39. Bd1 Ke8 40. Bc2 Kd7 41. b4 Kc7 42. Bf2 Bf6 43. Ke1 Kb7 44. Kd2 Bd8 45. Bd3 Nxd3 46. Kxd3 Bg5 47. Bg3 Kc7 48. h4 Bf6 49. Ke2 h5 50. Kf1 Kd7 51. Kg2 Bd8 52. Bf2 Be7 53. Kg3 Bf6 54. Be1 Bd8 55. f4 f6 56. fxe5 fxe5 57. Bf2 Bf6 58. Be3 Kc7 59. Bg5 Kd7 1/2-1/2

[Event "YUG-ch"]
[Site "Kladovo"]
[Date "1991.??.??"]
[Round "2"]
[White "Sarlamanov, Pance"]
[Black "Mirkovic, Slobodan"]
[Result "1-0"]
[WhiteElo "2270"]
[BlackElo "2390"]
[PlyCount "43"]
[EventDate "1991.02.??"]
[EventType "swiss"]
[EventRounds "13"]
[EventCountry "YUG"]
[SourceTitle "TD"]
[Source "ChessBase"]
[SourceDate "1994.03.01"]
[SourceVersion "1"]
[SourceVersionDate "1994.03.01"]
[SourceQuality "1"]

1. e4 c6 2. d4 d5 3. Nd2 dxe4 4. Nxe4 Nf6 5. Nxf6+ exf6 6. Bc4 Bd6 7. Ne2 Qc7 8. Ng3 h5 9. 0-0 h4 10. Re1+ Kf8 11. Nf1 h3 12. g3 g6 13. Qf3 Kg7 14. Bd2 b5 15. Bd3 Bb7 16. Ne3 Nd7 17. Qg4 Kf8 18. Bxg6 Rg8 19. Nd5 Rxg6 20. Qxh3 Kg7 21. Nxc7 Rd8 22. Ne8+ 1-0

[Event "YUG-ch"]
[Site "Kladovo"]
[Date "1991.??.??"]
[Round "9"]
[White "Vlahovic, Svetozar"]
[Black "Sarlamanov, Pance"]
[Result "1/2-1/2"]
[WhiteElo "2275"]
[BlackElo "2270"]
[PlyCount "107"]
[EventDate "1991.02.??"]
[EventType "swiss"]
[EventRounds "13"]
[EventCountry "YUG"]
[SourceTitle "TD"]
[Source "ChessBase"]
[SourceDate "1994.03.01"]
[SourceVersion "1"]
[SourceVersionDate "1994.03.01"]
[SourceQuality "1"]

1. e4 c5 2. c3 Nf6 3. e5 Nd5 4. Bc4 Nb6 5. Bb3 Nc6 6. Nf3 d5 7. d4 cxd4 8. cxd4 Bg4 9. Nc3 e6 10. Be3 Be7 11. 0-0 0-0 12. h3 Bh5 13. g4 Bg6 14. Ne2 a5 15. a4 Nb4 16. Nf4 Rc8 17. Nxg6 hxg6 18. g5 Nc4 19. Bc1 f5 20. gxf6 gxf6 21. Kh1 f5 22. Rg1 Kf7 23. Ng5+ Bxg5 24. Bxg5 Qb6 25. Bf6 Rg8 26. Rc1 Qc7 27. Qf3 Ke8 28. h4 Qh7 29. Qe2 Rc6 30. Rc3 g5 31. Rh3 g4 32. Rc3 Rg6 33. Rg2 Nd6 34. Rh2 Ne4 35. Qb5 Nxf6 36. exf6 Rh6 37. Qxa5 Rxc3 38. bxc3 Nc6 39. Qa8+ Nd8 40. a5 Qc7 41. Ba4+ Kf7 42. a6 bxa6 43. Qxa6 Kxf6 44. Qd3 Nf7 45. Be8 Qc4 46. Qxc4 dxc4 47. Bxf7 Kxf7 48. f4 gxf3 49. Kg1 Rg6+ 50. Kf2 Rg2+ 51. Rxg2 fxg2 52. Kxg2 Kg6 53. Kf3 Kh6 54. Kf2 1/2-1/2